00716nam a2200169Ia 4500003000900000008004100009020001800050040001600068080002200084111004300106245025600149260003600405300002300441650004100464650001900505700002200524IN-BaIIA211028s9999 xx 000 0 eng d a963-05-1063-4 cIIA Library a082.2:52bIAU-C29 n29thcBudapest, Hungaryd1975 Sep. 1-5 0aMultiple Periodic Variable Starsbproceedings of the international Astronomical Union colloquium no. 29 Multiple Periodic Variable Stars, held in Budapest, Hungary, 1–5 Sept.ember 1975cedited by W. S. Fitch  aBudapestbAkademiai Kiadoc1976 a[various pagings.] aAstronomy and Astrophysics thesaurus aVariable Stars aFitch, W. S., ed.